East African weather for aviators / (Record no. 4070)

MARC details
000 -LEADER
fixed length control field 00731nam a2200241 4500
001 - CONTROL NUMBER
control field 4204951
005 - DATE AND TIME OF LATEST TRANSACTION
control field 20150408090506.0
008 - FIXED-LENGTH DATA ELEMENTS--GENERAL INFORMATION
fixed length control field 000
010 ## - LIBRARY OF CONGRESS CONTROL NUMBER
LC control number 80980463
040 ## - CATALOGING SOURCE
Original cataloging agency UOEL
Transcribing agency DLC
Modifying agency DLC
043 ## - GEOGRAPHIC AREA CODE
Geographic area code fe-----
050 00 - LIBRARY OF CONGRESS CALL NUMBER
Classification number TL558.A25
Item number M83 1979
082 00 - DEWEY DECIMAL CLASSIFICATION NUMBER
Classification number 629.132/4/09676
Edition number 19
100 1# - MAIN ENTRY--PERSONAL NAME
Personal name Mwebesa, Mike M. N.
245 10 - TITLE STATEMENT
Title East African weather for aviators /
Statement of responsibility, etc Mike M.N. Mwebesa.
260 ## - PUBLICATION, DISTRIBUTION, ETC. (IMPRINT)
Place of publication, distribution, etc Nairobi :
Name of publisher, distributor, etc Kenya Literature Bureau,
Date of publication, distribution, etc 1979.
300 ## - PHYSICAL DESCRIPTION
Extent xvi, 142 p. ;
Dimensions 22 cm.
500 ## - GENERAL NOTE
General note Includes index.
504 ## - BIBLIOGRAPHY, ETC. NOTE
Bibliography, etc Bibliography: p. [137]
650 #0 - SUBJECT ADDED ENTRY--TOPICAL TERM
Topical term or geographic name as entry element Meteorology in aeronautics
Geographic subdivision Motor vehicle. Aeronautics. Astronautics.
Source of heading or term Africa, East
906 ## - LOCAL DATA ELEMENT F, LDF (RLIN)
a 7
b cbc
c orignew
d 3
e ncip
f 19
g y-gencatlg
942 ## - ADDED ENTRY ELEMENTS (KOHA)
Source of classification or shelving scheme Library of Congress Classification
Item type Loan - Normal on open shelf
Holdings
Withdrawn status Lost status Source of classification or shelving scheme Damaged status Not for loan Home library Current library Shelving location Date acquired Total Checkouts Full call number Barcode Date last seen Copy number Price effective from Koha item type
    Library of Congress Classification     UOE Main Library UOE Main Library Open shelf 08/04/2015   TL558.A25 M83 1979 20150963 08/04/2015 20150963 08/04/2015 Loan - Normal on open shelf